000 00710nam a2200289Ia 4500
005 20260324133748.0
008 008 260324s9999 xx 000 0 eng d
020 _a9780203954768
037 _aEBOOK
040 _aCRL
040 _beng
040 _cCRL
041 _2eng
041 _aeng
084 _qCRL
100 _aPeter Hervik
_91067111
245 0 _aMayan People Within and Beyond Boundaries
245 0 _bSocial Categories and Lived Identity in the Yucatan
260 _bTaylor and Francis
260 _c2003
365 _a
365 _b255
856 _uhttp://www.taylorfrancis.com/books/9780203954768
942 _cEBOOK
999 _c1793686
_d1793686